Normal view
MARC view
- ELECTRIC POWER DISTRIBUTION - HIGH TENSION
Entry Topical Term
001 - CONTROL NUMBER
- control field: 61394
003 - CONTROL NUMBER IDENTIFIER
- control field: NUST
005 - DATE AND TIME OF LATEST TRANSACTION
- control field: 20210628202738.0
008 - FIXED-LENGTH DATA ELEMENTS
- fixed length control field: 210628|| aca||aabn | a|a d
040 ## - CATALOGING SOURCE
- Original cataloging agency: NUST
- Transcribing agency: NUST
150 ## - HEADING--TOPICAL TERM
- Topical term or geographic name entry element: ELECTRIC POWER DISTRIBUTION - HIGH TENSION
670 ## - SOURCE DATA FOUND
- Source citation: Work cat.: (NUST): Bayliss, C.R,Hardy, B.J 61393, Transmission and distribution electrical engineering, 2007
